Studies in renaissance philosophy and science

Tallennettuna:
Bibliografiset tiedot
Päätekijä: Schmitt, Charles B (Tekijä)
Aineistotyyppi: Kirja
Kieli:englanti
Julkaistu: Londres Variorum Reprints 1981
Sarja:Collected studies series
Aiheet:
Tagit: Lisää tagi
Ei tageja, Lisää ensimmäinen tagi!

MARC

LEADER 00000nam a2200000 a 4500
001 UCZ5233
003 CL-VaPUC
008 951117e19810000UK |||||||||||||||||eng|d
082 0 4 |a 501  |b SCH  |2 21 
100 0 |a Schmitt, Charles B  |e author  |9 349194 
245 1 0 |a Studies in renaissance philosophy and science 
300 |a 342 p 
942 |c BK 
945 |d 19951117 00:00:00  |a cmena 
260 |a Londres  |b Variorum Reprints  |c 1981 
650 0 |a Filosofía de las ciencias  |9 256466 
650 0 |a Historia  |9 255047 
650 0 |a Ciencia  |9 255691 
650 0 |a Teología   |9 258766 
650 0 |a Platonismo  |9 265673 
583 |a last modification  |c 19951117 00:00:00  |k Rodrigo Vera 
490 0 |a Collected studies series 
999 |c 241553  |d 241551 
952 |0 0  |1 0  |4 0  |6 501_000000000000000_SCH_1981  |7 0  |8 P  |9 253903  |a BIBEDU  |b BIBEDU  |c BIBEDU_PB  |d 2019-11-19  |i 1573063  |o 501 SCH 1981  |p 1573063  |r 2024-01-25  |w 2019-11-19  |y BK  |k FIL